ਬਾਰਹ ਮਾਹਾ (Record no. 1025586)

MARC details
000 -LEADER
fixed length control field 00841nam a2200241Ia 4500
003 - CONTROL NUMBER IDENTIFIER
control field OSt
005 - DATE AND TIME OF LATEST TRANSACTION
control field 20221005112650.0
008 - FIXED-LENGTH DATA ELEMENTS--GENERAL INFORMATION
fixed length control field 221004b |||||||| |||| 00| 0 eng d
020 ## - INTERNATIONAL STANDARD BOOK NUMBER
International Standard Book Number 9788187526599 (hbk)
037 ## - SOURCE OF ACQUISITION
Terms of availability Textual
040 ## - CATALOGING SOURCE
Original cataloging agency CRL
Transcribing agency CRL
Language of cataloging eng
041 ## - LANGUAGE CODE
Source of code eng
Language code of text/sound track or separate title eng
100 ## - MAIN ENTRY--PERSONAL NAME
Personal name ਸਿੰਘ, ਗੁਰਬਚਨ, ਂਚ।
245 #0 - TITLE STATEMENT
Title ਬਾਰਹ ਮਾਹਾ
Remainder of title ਦਾ ਵਿਹਾਰਕ ਪੱਖ
260 ## - PUBLICATION, DISTRIBUTION, ETC.
Place of publication, distribution, etc. ਂਠਗਜਵਤ਼ਗ
Name of publisher, distributor, etc. ਤ਼ੀਜਵਖ਼ਾ
Date of publication, distribution, etc. 2017
650 ## - SUBJECT ADDED ENTRY--TOPICAL TERM
Topical term or geographic name entry element ਪੰਜਾਬੀ ਸਾਹਿਤ
942 ## - ADDED ENTRY ELEMENTS (KOHA)
Classification part O153, Q7
Koha item type Textual
Source of classification or shelving scheme
Holdings
Withdrawn status Lost status Damaged status Not for loan Home library Current library Date acquired Source of acquisition Total Checkouts Full call number Barcode Date last seen Price effective from Koha item type
        Central Library Central Library 2022-10-05 1016, 30/01/2018, H.K. Prakashan   O153 Q7 CL1641288 2022-10-05 2022-10-05 Textual
Copyright @ Delhi University Library System